ADVANCE BAL VIKAS (Record no. 40823)
[ view plain ]
| 000 -LEADER | |
|---|---|
| fixed length control field | 00386nam a22001697a 4500 |
| 003 - CONTROL NUMBER IDENTIFIER | |
| control field | OSt |
| 005 - DATE AND TIME OF LATEST TRANSACTION | |
| control field | 20240318112403.0 |
| 008 - FIXED-LENGTH DATA ELEMENTS--GENERAL INFORMATION | |
| fixed length control field | 171031b xxu||||| |||| 00| 0 eng d |
| 020 ## - INTERNATIONAL STANDARD BOOK NUMBER | |
| International Standard Book Number | 978-9381246740 |
| 040 ## - CATALOGING SOURCE | |
| Transcribing agency | SEROSOFT |
| 100 ## - MAIN ENTRY--PERSONAL NAME | |
| Personal name | DR SHARMA, K |
| 245 ## - TITLE STATEMENT | |
| Title | ADVANCE BAL VIKAS |
| 250 ## - EDITION STATEMENT | |
| Edition statement | 1ED |
| 260 ## - PUBLICATION, DISTRIBUTION, ETC. | |
| Place of publication, distribution, etc. | STAR PUBLICATION |
| Date of publication, distribution, etc. | 2017 |
| 300 ## - PHYSICAL DESCRIPTION | |
| Extent | 1ED |
| Other physical details | 264 |
| 942 ## - ADDED ENTRY ELEMENTS (KOHA) | |
| Source of classification or shelving scheme | |
| Koha item type | Text-Book- for 7 days |
| Edition | 1ED |
| Withdrawn status | Lost status | Source of classification or shelving scheme | Damaged status | Not for loan | Home library | Current library | Date acquired | Source of acquisition | Cost, normal purchase price | Full call number | Barcode | Date last seen | Uniform Resource Identifier | Price effective from | Koha item type | Total Checkouts | Date last checked out |
|---|---|---|---|---|---|---|---|---|---|---|---|---|---|---|---|---|---|
| IIMT University Central Library Meerut | IIMT University Central Library Meerut | 10/31/2017 | BANSAL | 150.00 | R | 01-B-125549 | 10/31/2017 | HOME SCIENCE | 10/31/2017 | Reference Book | |||||||
| IIMT University Central Library Meerut | IIMT University Central Library Meerut | 10/31/2017 | BANSAL | 150.00 | 01-B-125550 | 01/09/2019 | HOME SCIENCE | 10/31/2017 | Book Bank | 4 | 09/28/2018 | ||||||
| IIMT University Central Library Meerut | IIMT University Central Library Meerut | 10/31/2017 | BANSAL | 150.00 | 01-B-125551 | 10/31/2017 | HOME SCIENCE | 10/31/2017 | Book Bank | ||||||||
| IIMT University Central Library Meerut | IIMT University Central Library Meerut | 10/31/2017 | BANSAL | 150.00 | 01-B-125552 | 11/20/2017 | HOME SCIENCE | 10/31/2017 | Book Bank | 1 | 11/10/2017 | ||||||
| IIMT University Central Library Meerut | IIMT University Central Library Meerut | 10/31/2017 | BANSAL | 150.00 | 01-B-125553 | 12/10/2021 | HOME SCIENCE | 10/31/2017 | Book Bank | 5 | 11/24/2021 | ||||||
| IIMT University Central Library Meerut | IIMT University Central Library Meerut | 10/31/2017 | BANSAL | 150.00 | 01-B-125554 | 12/03/2021 | HOME SCIENCE | 10/31/2017 | Book Bank | 3 | 11/25/2021 | ||||||
| IIMT University Central Library Meerut | IIMT University Central Library Meerut | 10/31/2017 | BANSAL | 150.00 | 01-B-125555 | 10/31/2017 | HOME SCIENCE | 10/31/2017 | Book Bank | ||||||||
| IIMT University Central Library Meerut | IIMT University Central Library Meerut | 10/31/2017 | BANSAL | 150.00 | 01-B-125556 | 01/09/2019 | HOME SCIENCE | 10/31/2017 | Book Bank | 2 | 09/19/2018 | ||||||
| IIMT University Central Library Meerut | IIMT University Central Library Meerut | 10/31/2017 | BANSAL | 150.00 | R | 01-B-125557 | 01/19/2019 | HOME SCIENCE | 10/31/2017 | Book Bank | 3 | 09/19/2018 | |||||
| IIMT University Central Library Meerut | IIMT University Central Library Meerut | 10/31/2017 | BANSAL | 150.00 | 01-B-125558 | 12/06/2017 | HOME SCIENCE | 10/31/2017 | Book Bank | 3 | 11/30/2017 |

